Analytical chemistry: an introduction
محفوظ في:
| المؤلفون الرئيسيون: | , |
|---|---|
| التنسيق: | كتاب |
| اللغة: | الإنجليزية |
| منشور في: |
Nueva York
Holt, Rinehart and Winston
1965
|
| الموضوعات: | |
| الوسوم: |
إضافة وسم
لا توجد وسوم, كن أول من يضع وسما على هذه التسجيلة!
|
MARC
| LEADER | 00000nam a2200000 a 4500 | ||
|---|---|---|---|
| 001 | UCT4043 | ||
| 003 | CL-VaPUC | ||
| 008 | 961105e19650000US |||||||||||||||||eng|d | ||
| 082 | 0 | 4 | |a 543 |b SKO |2 21 |
| 100 | 0 | |a Skoog, Douglas A |e author |9 373133 | |
| 700 | 0 | |a West, Donald M |e author |9 373134 | |
| 245 | 1 | 0 | |a Analytical chemistry: an introduction |
| 300 | |a 527 p | ||
| 942 | |c BK | ||
| 945 | |d 19961105 00:00:00 |a paguirre | ||
| 260 | |a Nueva York |b Holt, Rinehart and Winston |c 1965 | ||
| 650 | 0 | |a Química analítica |9 259648 | |
| 650 | 0 | |a Oxidación |9 326616 | |
| 650 | 0 | |a Análisis volumétrico |9 345156 | |
| 650 | 7 | |a ELECTROLITOS |2 CL-VaPUC |9 360144 | |
| 650 | 7 | |a EQUILIBRIOS QUIMICOS |2 CL-VaPUC |9 336637 | |
| 650 | 7 | |a PH |2 CL-VaPUC |9 337396 | |
| 583 | |a last modification |c 20130123 01:56:49 |k Rodrigo Vera | ||
| 999 | |c 253502 |d 253500 | ||